El Golpe de Estado del presidente Bush /

Сохранить в:
Библиографические подробности
Главный автор: Gilly, Adolfo
Формат: Текст
Предметы:
Метки: Добавить метку
Нет меток, Требуется 1-ая метка записи!

MARC

LEADER 00000 a a2200000 04500
001 2665
003
040
100 |a Gilly, Adolfo  
245 |a El Golpe de Estado del presidente Bush /  |c Adolfo Gilly 
650 |a POLITICA EXTERIOR  
650 |a IMPERIALISMO  
773 |g volumen 42, número 225; páginas 26-29  
999 |c 29769  |d 29769